| 000 | 00546nam a22001937a 4500 | ||
|---|---|---|---|
| 003 | OSt | ||
| 005 | 20180116183031.0 | ||
| 008 | 151221b xxu||||| |||| 00| 0 eng d | ||
| 020 | _a04-813-90-1 | ||
| 024 | _204-813-90-1 | ||
| 040 | _cLahore LUMS | ||
| 082 | _a174.4 LUM 1990 | ||
| 100 | _aAzhar W, Malik S | ||
| 245 |
_aPHILIPS PAKISTAN (PVT) LIMITED _cAzhar W, Malik S |
||
| 260 |
_aLahore LUMS _bLahore University of Management Sciences _c1990 |
||
| 300 |
_a22 p. _bPapers |
||
| 440 | _aPHILIPS PAKISTAN (PVT) LIMITED | ||
| 942 |
_2ddc _cCS |
||
| 999 |
_c351009 _d351009 |
||